Statistics for Ultimate Translating Quiz

Click here to take the quiz!

General Stats

  • This quiz has been taken 83 times
    (77 since last reset)
  • The average score is 28 of 101

Answer Stats

SentenceLanguage% Correct
Hi! How are you today?English
100%
Je suis presque entré dans la circulation.French
97%
Hola! Me llamo Pablo.Spanish
97%
我可以喝水吗?Chinese
89%
彼は簡単にカードのデッキをシャッフルした。Japanese
89%
Das Kind starrte mich hasserfüllt an.German
86%
사자가 멀리서 으르렁 거리다.Korean
80%
Мышь съела сыр.Russian
77%
الجمال يمشون في الصحراء.Arabic
76%
Vado a letto. Buona notte!Italian
70%
Ik heb gisteren wat boodschappen gekocht.Dutch
69%
Ελέγξαμε για να σιγουρευτούμε ότι ήταν ακόμα ζωντανός.Greek
68%
Đừng đi theo thác nước.Vietnamese
58%
Jag kan spela sport riktigt bra.Swedish
56%
הכלב עלה במדרגות.Hebrew
54%
Cibum Amo...Latin
49%
मैं एक नाश्ता के लिए मूंगफली खाते हैं।Hindi
45%
ʻO kahi ma luna o ke anuenue, lele nā ​​manu uliuli.Hawaiian
42%
Jeg vil have flere detaljer!Danish
41%
Die Silk Road was 'n goeie handelsstelsel.Afrikaans
39%
چھوٹا لڑکا ایک فٹ پھینک دیا.Urdu
38%
Hún talar alltaf við hann í háværri röddu.Icelandic
37%
Ele ficou sem dinheiro, então ele teve que parar de jogar poker.Portuguese
37%
Pam mae'r awyr glas?Welsh
35%
An bhféadfá iarr ortsa tairbhe a dhéanamh domsa?Irish
32%
Наскільки ця людина може запропонувати?Ukrainian
32%
Fryzjer ostrożnie odcina włosy staruszka.Polish
31%
Mary soittaa pianoa.Finnish
30%
Krmte psy pro mě, prosím.Czech
28%
A szabadidejében énekelek.Hungarian
28%
Trecem pe drumul de pietriș pentru a vizita mormântul.Romanian
28%
ถ้าคุณมีความสุขและคุณรู้ว่ามันตบมือของคุณThai
28%
טאַקע, קוק בייַ אַלע די שיינע מענטשן!Yiddish
27%
Расія з'яўляецца камуністам!Belarusian
25%
আগামীকাল চেক করুন; বইটি এসেছে কিনা তা দেখবো।Bengali
25%
Какво днес е моят добър човек?Bulgarian
25%
ჩვენ არასდროს ყოფილა აზიაში, არც აფრიკაში.Georgian
25%
Lev livet til det fulleste.Norwegian
25%
شکارچی شکار را در نور خورشید رنگ می کند.Persian
25%
Llavors, per què ha volgut triar aquest treball?Catalan
24%
Буцааж инээдэг зууш.Mongolian
24%
Bisedoj me miqtë e mi në telefon.Albanian
23%
Lutka se maščeva svojemu lastniku.Slovenian
23%
Шашыңыздан жел соққанын сезініңіз.Kazakh
21%
То би требало бити лако, мислим.Serbian
21%
Boli ste hrozní.Slovak
21%
በእያንዳንዱ ሌሊት ስልኬን አስከፍላለሁ.Amharic
20%
Հայկական լեզուն բավական գրավիչ է գրել:Armenian
20%
Ptice cvrkutuju svečano dok se probudim.Croatian
20%
Ayah saya membawa saya untuk ais krim.Malay
20%
Mikrofon gridir.Turkish
20%
Səhər yeməyinə taxıl verin.Azerbaijani
17%
ငါဖုန်းပေါ်မှာငါ၏အဆွေပြောဆိုပါ။Burmese
17%
ការឈឺចាប់បានវាយលុកកោះនេះ។.Khmer
15%
Cena ir patiešām zema, man tā patīk.Latvian
15%
Ве молиме да добиете добри оценки во училиште.Macedonian
15%
இது நான் செய்த இறுதி மொழி.Tamil
15%
Thola umcebo wami sicela!Zulu
15%
Ma sõitsin täna kiire auto.Estonian
14%
A tortuga ascende ata a beira do ríoGalician
14%
Saya mengetik kuis di komputer saya.Indonesian
14%
Ушул тилдеги тексти башкаларга абдан окшош.Kyrgyz
14%
ກະດູກສີນ້ໍາຕານທີ່ລວດໄວໄປຫາຫມາຂີ້ລ້າຍ.Lao
14%
Jien fl-imħabba ma 'xi ħadd.Maltese
14%
अरूलाई उपचार गर्ने तरिकालाई व्यवहार गर्नुहोस्।Nepali
14%
Naam, nadhani ni mazingira mazuri ya kujifunza Kiingereza.Swahili
14%
Možete li namirisati sveže posečenu travu?Bosnian
13%
Klasikinė muzika yra tokia elegantiška.Lithuanian
13%
Gesank ass e spezielle Hobby vu mir.Luxembourgish
13%
تاسو ميوه خوښوي؟Pashto
13%
ਉਸ ਨੂੰ ਦਿਲ ਵਿੱਚ ਸੁੱਟੇ!Punjabi
13%
అడవి లోకి స్వాగతం.Telugu
13%
તેણીએ તેમને મદદ કરવા માટે તેણીનો શ્રેષ્ઠ પ્રયાસ કર્યોGujarati
11%
പകിടക്കുക, ഒരു കാർഡ് തിരഞ്ഞെടുക്കുക!Malayalam
11%
Ka pupuhi te koroke parauri tere ki te kuri mangere.Maori
11%
मराठी एक विचित्र भाषा आहे.Marathi
11%
Чашмони духтар хушк шуда буданд.Tajik
11%
Aŭskultu la oceanajn ondojn kiel vi ludas en la mola sablo.Esperanto
10%
Priye pou timoun yo.Haitian Creole
10%
ನನ್ನೊಂದಿಗೆ ನೀವು ಸಮಸ್ಯೆ ಇದೆಯೇ?Kannada
10%
Kuring diuk dina korsi kuring sabar ngantosan kelas abdi.Sundanese
10%
Isibilini esincinci safa.Xhosa
10%
Sumendi bat eruptsu egiten da, herri osoa suntsitzen duena.Basque
8%
Nagkaon ako og mga chips alang sa paniudto.Cebuano
8%
Ang mga alon ng karagatan ay bumagsak laban sa kawalan ng kalubhaan.Filipino
8%
Bari mu buga wasan tennis!Hausa
8%
Kuv puas muaj ntses ntawm kuv cov kua txiv qaub?Hmong
8%
Ị nwere ike ịhụ ọdụm na njem njem nchebe.Igbo
8%
Penari mesem ing wong akeh.Javanese
8%
Jiyana min zilamek e!Kurdish
8%
Sa vaeluaina le mafuie.Samoan
8%
ඔබේ රට වෙනුවෙන් සටන් කරන්න!Sinhala
8%
Maanta waxaan u sharraxnaa awoowayaasheena naga soo horjeeday.Somali
8%
Menga nima deb o'ylaysiz, menimcha.Uzbek
8%
Sò tira, hè puntuatu!Corsican
7%
Ny fox mofomamy haingana dia mitsambikina eo amin'ilay alika kamo.Malagasy
7%
Shamba chiso chako usati waenda kunorara.Shona
7%
Mo fẹ awọn erin.Yoruba
7%
Panda e jang makhapetla.Sesotho
6%
محتاط ٿي رھو يا توهان کي دماغ بخشيو ويندو.Sindhi
6%
O mauga e lanu meamata i aso nei.Scottish Gaelic
3%

Score Distribution

Percentile by Number Answered

Percent of People with Each Score

Your Score History

You have not taken this quiz since the last reset